00459nam a22001577a 450000500170000001000150001702000230003203500130005503700130006808200060008110000250008724500610011226000370017327000720021030000190028220100820114431.0 aENG-101101 a8183411371c150.00 aEN-84634 bDBAD/PUB aN aDoyle, Arthur Conan  aThe return of sherlock holmes /cby Arthur Conan Doyle  aDelhibRohan Book Company c2004 aG-22 Indraprastha Apptt.Patpar Ganj Plot No-114 bNew Delhie110092 a344pc18cm(Hb)